| 000 | 00699nam a2200217 i 4500 | ||
|---|---|---|---|
| 001 | 94680 | ||
| 003 | ES-MaACL | ||
| 005 | 20250727062602.0 | ||
| 007 | t| | ||
| 008 | 050511s1921 fr ||||1| fre d | ||
| 100 | 1 |
_aLouis, Paul ( _d1872-1955) _974318 |
|
| 245 | 1 | 3 |
_aLa crise du socialisme mondial _b: de la IIe a la IIIe Internationale / _cpar Paul Louis. |
| 260 |
_aParis : _bAlcan, _c1921. |
||
| 300 |
_aVII, 192 p. ; _c19 cm. |
||
| 490 | 1 | _aBibliothèque d'histoire contemporaine | |
| 650 | 0 | 7 |
_aSocialismo _2embne _917147 |
| 650 | 0 | 4 |
_aGuerra mundial, 1914-1918. _913212 |
| 830 | 0 |
_aBibliothèque d'histoire contemporaine _9180875 |
|
| 852 |
_aES-MaACL _jG-7435 |
||
| 999 |
_c94680 _d94680 |
||